Oscar Wilde et quelques autres. (Registro nro. 324143)

Detalles MARC
000 -ENCABEZADO
Número de control [NR] 02345nam a2200289Ia 4500
005 - FECHA Y HORA DE LA ÚLTIMA TRANSACCIÓN
control field 20240429114649.0
008 - DE LONGITUD FIJA DE DATOS DE ELEMENTOS - INFORMACIÓN GENERAL
Elementos de longitud fija [NR] 130821s1930 fr fr e fre
040 ## - FUENTE DE CATALOGACION [NR]
Agencia de catalogación original [NR] Co-BoUCM
Idioma de catalogación [NR] spa
Quien Cataloga Sandra Yazo
Quien Clasifica Sandra Yazo
041 1# - CODIGO DE IDIOMA [R]
Código de idioma para texto/pista de sonido o título separado [R] Francés
082 04 - NUMERO DE CLASIFICACION DECIMAL DEWEY [R]
Número de clasificación [R] 922
Número de la edición [NR] 20
092 ## - SIGNATURA TOPOGRAFICA LOCAL
Número de clasificación local E53N028
100 1# - ASIENTO PRINCIPAL--NOMBRE PERSONAL [NR]
Nombre personal [NR] Douglas, Alfred Bruce
Fechas asociadas con el nombre [NR] 1870-1945
ID Autoridad 180579
242 00 - TRADUCCION DEL TITULO POR LA AGENCIA CATALOGADORA [R]
Título [NR] Oscar Wilde y otros autores.
Mención de responsabilidad, etc. [NR] por Alfredo Douglas ; Traducción del ingles por Armond Van Gennep.
Código de idioma del título traducido [NR] spa
245 10 - MENCION DE TITULO [NR]
Título [NR] Oscar Wilde et quelques autres.
Mención de responsabilidad, etc. [NR] par Lord Alfred Douglas ; Traduit de l’ anglais par Arnold Van Gennep.
250 ## - MENCION DE EDICION [NR]
Mención de edición [NR] 4e édition [cuarta edición]
260 ## - PUBLICACION, DISTRIBUCION, ETC. (PIE DE IMPRENTA) [R]
Lugar de publicación, distribución, etc. [R] París (Francia)
Nombre del editor, distribuidor, etc. [R] Bibliothèque-Charpentier. Eugène Fasquelle ; Impr. H. Turgis [Biblioteca Charpentier. Eugenio Fasquelle ; Imprenta de H. Turgis]
Fecha de publicación, distribución, etc. [R] 1924
300 ## - DESCRIPCION FISICA [R]
Extensión [R] 246 páginas
Dimensiones [R] 18 x 12 cm
500 ## - NOTA GENERAL [R]
Nota general [NR] Detalles físicos: No es la encuadernación original, actualmente, encuadernación rígida (holandesa) en cartón forrado en papel jaspeado marrón; lomo de tela con letras y líneas decorativas en dorado. Guardas. Hoja de cortesía. Anteportada. Hoja de papel especial con fotografía (sepia), a modo de frontispicio. Portada, impresa en una sola tinta. Dedicatoria. Texto impreso en una sola columna, con diferentes tipos y tamaños de letra. Notas de pie de página. En página 232, una foto del autor de página entera, fuera del texto. Cortes decorados con jaspeado azul. Índice. Tapa posterior con manchada de tinta. Hoja de cortesía con desgarrones, rotura. Papel con oxidación en bordes
505 0# - NOTA DE CONTENIDO CON FORMATO PREESTABLECIDO [R]
Nota de contenido con formato preestablecido [NR] Mis orígenes ; Mi infancia, mi madre ; Los amigos ; El internado ; En la Universidad de Oxfors ; La pureza y los vicios ; Arrojado a los lobos ; Rectificaciones ; Primeros poemas ; Encuentro con Oscar Wilde ; Sus costumbres ; Viajes con Wilde ; Mi padre ; El proceso a Wilde ; Wilde prisionero ; Cartas desaparecidas ; Mi fidelidad a Wilde ; La sublimación de Wilde: mis poesías ; Wilde y el catolicismo ; En Francia y en Nápoles ; Trabajos comunes ; Muerte de Wilde… ; Apéndice
506 ## - NOTA DE RESTRICCIONES DE ACCESO [R]
Condiciones de acceso [NR] Consulta en sala.
546 ## - NOTA DE IDIOMA [R]
Nota de idioma [NR] Texto en francés.
600 #0 - ASIENTO SECUNDARIO DE MATERIA - NOMBRE PERSONAL [R]
9 (RLIN) 40163
Nombre personal [NR] Wilde, Oscar
Fechas asociadas con el nombre [NR] 1854-1900
650 #7 - ASIENTO SECUNDARIO DE MATERIA - TERMINO TEMATICO [R]
Término temático o nombre geográfico como elemento de entrada [NR] Autobiografías
9 (RLIN) 9766
690 ## - ASUNTO AGREGADO LOCAL DE ENTRADA - TÉRMINO TEMÁTICO (OCLC, RLIN)
Acceso temático local Biografías
9 (RLIN) 7343
700 0# - ASIENTO SECUNDARIO - NOMBRE PERSONAL [R]
Nombre personal [NR] Gennep, Arnold van
Fechas asociadas con el nombre [NR] 1873-1957
Término de relación [R] traductor
9 (RLIN) 180580
942 ## - ELEMENTOS DE ENTRADA AGREGADOS (KOHA)
Tipo de ítem principal el descrito en 300a Libro
Edición 4
Sistema de clasificación LOCAL
Clasificación E53N028
Existencias
Suprimido Perdido Sistema de clasificación Dañado No prestable Tipo de ítem específico Ubicación habitual Ubicación actual Localización Fecha de creación Forma de adquisición Costo Total préstamos Signatura topográfica Código de barras Última vez visto Ejemplar Price effective from Tipo de ítem
    LOCAL     Libro archivo Archivo Histórico Archivo Histórico Archivo histórico 29/04/2024 Donación 0.00   E58N028 L007059 29/04/2024 Ej.1 29/04/2024 Libro